000 00836nam a22002417a 4500
005 20240530110519.0
008 160216s2013 ua ad g 000 0 ara d
017 _a14257/2011
_bمصر . دار الكتب المصرية
020 _a9789773191418
040 _aEG-CaGPL
082 0 4 _221
_a302.2345\
_bم إ
100 _aماجد فاضل الزبون
245 1 2 _aالاعلام و ثقافة التفكيك /
_cماجد فاضل الزبون
250 _aط1
260 _aالقاهرة :
_bالعربى للنشر و التوزيع ،
_c2013 .
300 _a232 ص :
_bجداول ؛
_c24 سم .
650 0 4 _aالاعلام
650 0 4 _aوسائل الاعلام
650 0 4 _aالتليفزيون
650 0 4 _aالاعلام و الثقافة
942 _2ddc
_cBK
999 _c61860
_d61860